Music Quiz

Random Music or Rock Quiz

Before and After: Music Quiz Stats

 Plays Quiz Updated Jul 22, 2019

Support Sporcle.
Go Orange.
Score 0/20 Timer 06:00
0 Plays Today
Song (Before) Before & After Title % Correct
Nirvana - Here we are now, entertain usSmells Like Teen Spirit In the Sky
77.3%
Police - I'll be watching youEvery Breath You Take On Me
45.7%
Johnny Cash - Love is a burning thingRing of Fire and Rain
42.3%
Bob Dylan - Lay across my big brass bedLay Lady Layla
39.1%
The Rolling Stones - I see a red doorPaint It Black Magic Woman
38.1%
The Beatles - I don't care too much for moneyCan't Buy Me Love Me Do
34.9%
The Clash - And if I stay it will be doubleShould I Stay or Should I Go Your Own Way
33.8%
Elton John - I'm not one of those who can easily hideYour Song 2
33.6%
Bill Withers - It's not warm when she's awayAin't No Sunshine of Your Love
31.4%
Stephen Stills - If you can't be with the one you love, honeyLove the One You're With or Without You
29.3%
Song (Before) Before & After Title % Correct
The Beatles - I read the news today, oh boyA Day in the Life in the Fast Lane
28.2%
Rod Stewart - I think I got something to say to youMaggie Maybe I'm Amazed
23.3%
AC/DC - Don't need reason, don't need rhymeHighway to Hells Bells
18.5%
Genesis - It takes control and slowly tears you apartInvisible Touch Me
13.9%
The Rolling Stones - I'm a man of wealth and tasteSympathy for the Devil with a Blue Dress On
13.9%
Neil Young - On the shore lay MontezumaCortez the Killer Queen
12.8%
Van Morrison - Days when the rains cameBrown Eyed Girl, You'll Be a Woman Soon
11.7%
Spencer Davis Group - So glad we made itGimme Some Lovin', Touchin', Squeezin'
9.7%
The Rolling Stones - But what can a poor boy doStreet Fighting Mandy
9.2%
James Brown - Baby, you did me wrongPlease, Please, Please Please Me
2%

You're not logged in!

Compare scores with friends on all Sporcle quizzes.
OR
Log In
Forgot?

From the Vault

Billboard #1 Albums (1970s)

by El_Dandy

Music 15m
These artists rocked the 70s.
Remove Ads.
Support Sporcle.
Get the best of Sporcle when you Go Orange. This ad-free experience offers more features, more stats, and more fun while also helping to support Sporcle. Thank you for becoming a member.

Show Comments

Extras

Top Quizzes Today


Score Distribution

Your Account Isn't Verified!

In order to create a playlist on Sporcle, you need to verify the email address you used during registration. Go to your Sporcle Settings to finish the process.

Report this User

Report this user for behavior that violates our Community Guidelines.

Details: